| 000 | 00396nam a2200157 i 4500 | ||
|---|---|---|---|
| 001 | bg | ||
| 100 | 1 | _aEICHLER, Friedrich | |
| 245 | 0 |
_aBauphysikalische Entwurfslehre / _cF. Eichler. Bd.1: Berechnungsgrundlagen. |
|
| 250 | _a3te verbess. Aufl. | ||
| 260 |
_aBerlin, _c1970. |
||
| 040 | _cBPK | ||
| 041 | _apol | ||
| 080 | _a699.8 | ||
| 942 | _cKS | ||
| 008 | s pl f |000 0 pol | ||
| 999 |
_c13676 _d13676 |
||
| 856 |
_uhttp://koha.tu.koszalin.pl/cgi-bin/koha/opac-detail.pl?biblionumber=13676 _yKatalog online BPK |
||